000 00791nam a2200265Ia 4500
003 OSt
005 20220928123929.0
006 a|||||r|||| 00| 0
007 ta
008 220927b |||||||| |||| 00| 0 eng d
020 _c0
024 _a115806
037 _bGIFT, 21/03/2012, Gift
_cTextual
040 _aSDCL
_cSDCL
_beng
041 _2eng
_aeng
082 _aV2:58(Y35)'P, Q2
100 _aDesai Renu Ed.
_9462395
245 0 _aUrbanizing citizenship
_b Contested spaces in Indian cities.
260 _aNew Delhi
_bSage
_c2012
300 _axv,246p
_ccm.
650 _aGift
_9391569
700 _a Sanyal Romola Ed.
_9462396
942 _hV2:58(Y35)'P, Q2
_cTEXL
_2CC
999 _c775381
_d775381